000 00638nam a2200193Ii 4500
003 JO-AjNU
008 230605s9999||||xx |||||||||||||| ||und||
040 _aJO-AjNU
_bara
_erda
_cJO-AjNU
041 _aara
050 1 4 _aDS36.84.S33242
100 3 _aالشرقاوي، حسن محمد,
_eauthor
_915296
245 0 0 _aالمسلمون علماء وحكماء
264 3 1 _aالاسكندرية: دار المعرفة الجامعية
300 _a215ص
336 _atext
_btxt
_2rdacontent
337 _aunmediated
_bn
_2rdamedia
338 _avolume
_bnc
_2rdacarrier
650 4 _aعلماء محكماء-تاريخ اسلامي
_915297
999 _aA4285
_c7853
_d7853